Statistics for Golden State Warriors All-Time Starting 5

Click here to take the quiz!

General Stats

  • This quiz has been taken 180 times
  • The average score is 5 of 7

Answer Stats

Position Answer % Correct
PGStephen Curry
99%
CWilt Chamberlain
86%
CoachSteve Kerr
86%
SFKevin Durant
83%
6th ManDraymond Green
80%
SGRick Barry
53%
PFNate Thurmond
27%

Score Distribution

Percentile by Number Answered

Percent of People with Each Score

Your Score History

You have not taken this quiz